Gemeinden im Hohenlohekreis - Statistiken

Allgemein
  • Dieses Quiz wurde 73 mal gespielt
    57 seit der letzten Aktualisierung
  • Das Durchschnittsergebnis liegt bei 10 aus 16
Antwortstatistiken
% Korrekt
Öhringen
95%
Künzelsau
85%
Kupferzell
75%
Pfedelbach
75%
Bretzfeld
70%
Dörzbach
65%
Ingelfingen
65%
Krautheim
60%
Weißbach
60%
Forchtenberg
55%
Neuenstein
55%
Niedernhall
55%
Zweiflingen
55%
Schöntal
50%
Waldenburg
50%
Mulfingen
40%
Keine übereinstimmenden Quizze gefunden
Verteilung der Resultate
Anzahl Personen mit jedem Resultat
Perzentil nach korrekt beantworteten Fragen
Ihre Resultats-Entwicklung
Sie haben dieses Quiz seit der letzten Aktualisierung nicht gespielt